000 00349nam a2200169Ia 4500
100 _aEverest/Graham
650 _aNumber theory
942 _cBK
366 _f20
654 _anumber theory
245 _aIntroduction to number theory
260 _bSpringer
_c1963
082 _a519
_bEVE
300 _a294
546 _aENGLISH
999 _c26008
_d26008